[Event "Mistrzostwa Miedzywojewodzkie Juniorow OP-SL C11"]
[Site "OW ”Sudety” Pokrzywna "]
[Date "1899-12-30"]
[Round "1.1"]
[White "Bogusz, Alan"]
[Black "Martyniak, Milosz"]
[Result "1-0"]
[WhiteTitle "II+"]
[BlackTitle "II"]
[WhiteElo "1754"]
[BlackElo "1224"]

1. e4 e6 2. d4 d5 3. Nd2 c5 4. exd5 exd5 5. Bb5+ Nc6 6. Ngf3 a6 7. Bxc6+ bxc6 8.
O-O Bd6 9. dxc5 Bxc5 10. Nb3 Bd6 11. h3 h6 12. Be3 Ne7 13. Re1 O-O 14. Bc5 Bxc5
15. Nxc5 Qd6 16. b4 Ng6 17. Qd4 Bf5 18. c4 Qf4 19. cxd5 cxd5 20. a3 Rfd8 21. Rad1
Be4 22. Nxe4 dxe4 23. Qxe4 Qxe4 24. Rxd8+ Rxd8 25. Rxe4 Rd1+ 26. Kh2 Ra1 27. Re8+
Kh7 28. Re3 Kg8 29. Nd4 Nf4 30. Nc6 Nd5 31. Rd3 Nf4 32. Rf3 Nd5 33. Rf5 Nb6 34.
Ra5 Nc4 35. Rxa6 Rxa3 36. Rxa3 Nxa3 37. Kg3 Kf8 38. Kf4 Ke8 39. Ke4 Kd7 40. Kd5
Nb5 41. Ne5+ Ke7 42. Kc5 Nc7 43. b5 Ne6+ 44. Kb6 Kf6 45. Nc4 Kg5 46. Ka7 Kf4 47.
b6 Nc5 48. Nd6 f5 49. b7 Nd7 50. Nc8 Ne5 51. b8=Q 1-0

[Event "Mistrzostwa Miedzywojewodzkie Juniorow OP-SL C11"]
[Site "OW ”Sudety” Pokrzywna "]
[Date "1899-12-30"]
[Round "1.2"]
[White "Raclawicki, Tymoteusz"]
[Black "Czernecki, Andrzej"]
[Result "0-1"]
[WhiteTitle "III"]
[BlackTitle "II+"]
[WhiteElo "1217"]
[BlackElo "1462"]

1. e4 c5 2. Nf3 d6 3. d4 cxd4 4. Nxd4 Nf6 5. Nc3 Nc6 6. Bg5 e6 7. Qd2 a6 8. O-O-O
Bd7 9. f4 Be7 10. g3 O-O 11. h4 b5 12. Bxf6 Bxf6 13. Nxc6 Bxc6 14. Qxd6 Bxc3 15.
bxc3 Qxd6 16. Rxd6 Bxe4 17. Rh2 Rfd8 18. Rd4 Bc6 19. Bg2 Bxg2 20. Rxg2 Kf8 21.
Kd2 Ke7 22. Ke3 Rac8 23. Rxd8 Rxd8 24. Rd2 Rxd2 25. Kxd2 Kd6 26. Kd3 Kd5 27. g4
f6 28. f5 exf5 29. gxf5 Kc5 30. h5 Kd5 31. a3 h6 32. Ke3 Kc4 33. Ke4 a5 34. Ke3
Kxc3 35. Ke4 Kxc2 36. Kd5 b4 37. Ke6 bxa3 38. Kf7 a2 39. Kxg7 a1=Q 40. Kxh6 Qg1
41. Kh7 Qg5 42. h6 Qxf5+ 43. Kh8 Qh5 44. h7 Qxh7+ 0-1

[Event "Mistrzostwa Miedzywojewodzkie Juniorow OP-SL C11"]
[Site "OW ”Sudety” Pokrzywna "]
[Date "1899-12-30"]
[Round "1.3"]
[White "Norek, Maciej"]
[Black "Karut, Kacper"]
[Result "1/2-1/2"]
[WhiteTitle "II+"]
[BlackTitle "II"]
[WhiteElo "1447"]
[BlackElo "1190"]

1. e4 c5 2. Nf3 e6 3. d4 cxd4 4. Nxd4 a6 5. Bd3 Nf6 6. Be3 d6 7. c4 Nbd7 8. Nc3
Be7 9. O-O O-O 10. b3 b6 11. Nc6 Qe8 12. Re1 Bb7 13. Nxe7+ Qxe7 14. Bc2 Rfd8 15.
Qe2 Rac8 16. Bd2 h6 17. Rad1 Rb8 18. Bf4 e5 19. Bc1 Rbc8 20. Bb2 Rb8 21. Rd2 Nc5
22. Red1 Rd7 23. Nd5 Bxd5 24. cxd5 b5 25. Rf1 Re8 26. Rdd1 Qd8 27. b4 Nb7 28.
a3 Qb6 29. Kh1 Rde7 30. Rc1 Rc7 31. Bb1 Rec8 32. Rxc7 Rxc7 33. Bd3 Rc8 34. f4
Nd7 35. fxe5 Nxe5 36. Bxe5 dxe5 37. Qg4 Rc3 38. Be2 Qe3 39. Qf5 Qxe2 40. Qxf7+
Kh7 41. Qf5+ Kh8 42. Qf8+ 1/2-1/2

[Event "Mistrzostwa Miedzywojewodzkie Juniorow OP-SL C11"]
[Site "OW ”Sudety” Pokrzywna "]
[Date "1899-12-30"]
[Round "1.4"]
[White "Grodzicki, Piotr"]
[Black "Wiatrowski, Zbigniew"]
[Result "0-1"]
[WhiteTitle "II"]
[BlackTitle "II"]
[WhiteElo "1169"]
[BlackElo "1403"]

1. e4 e5 2. Nf3 Nc6 3. d4 exd4 4. Nxd4 Bb4+ 5. c3 Bc5 6. Nxc6 bxc6 7. Bc4 d6 8.
O-O Ne7 9. Qe2 O-O 10. Be3 Bb6 11. Nd2 Kh8 12. Rad1 f5 13. Bb3 Qe8 14. Nc4 f4
15. Bxb6 axb6 16. Nd2 Ng6 17. Rfe1 Ne5 18. Nf3 Ba6 19. Qc2 Nxf3+ 20. gxf3 Qh5
21. Kg2 Rf6 22. Bf7 Rxf7 23. Rg1 Rf6 24. Kh1 Qxf3+ 25. Rg2 Rg6 26. Rdg1 Bf1 0-1

[Event "Mistrzostwa Miedzywojewodzkie Juniorow OP-SL C11"]
[Site "OW ”Sudety” Pokrzywna "]
[Date "1899-12-30"]
[Round "1.5"]
[White "Myrmus, Mateusz"]
[Black "Kotowicz, Kamil"]
[Result "1/2-1/2"]
[WhiteTitle "II"]
[BlackTitle "II"]
[WhiteElo "1385"]
[BlackElo "1167"]

1. e4 e6 2. d4 d5 3. Nd2 Nf6 4. e5 Nfd7 5. Bd3 c5 6. c3 Nc6 7. Ne2 cxd4 8. cxd4
Be7 9. O-O Qb6 10. Nf3 f6 11. exf6 Nxf6 12. a3 Bd7 13. b4 Rc8 14. Bf4 O-O 15.
Be5 Ng4 16. Bg3 Bf6 17. Rc1 Kh8 18. Bb1 Ne7 19. Rxc8 Rxc8 20. h3 Nh6 21. Be5 Bxe5
22. Nxe5 Bb5 23. Bd3 Nhf5 24. Bxb5 Qxb5 25. Ng3 Qb6 26. Nxf5 Nxf5 27. Nf3 Rc4
28. Re1 Nxd4 29. Nxd4 Rxd4 30. Qa4 h6 31. Qe8+ Kh7 32. Rxe6 Rd1+ 33. Kh2 Qc7+
34. g3 Qc2 35. Re2 Rd2 36. Rxd2 Qxd2 37. Qf7 Qa2 38. Qf3 b6 39. Kg2 Qc4 40. Qf5+
Kh8 41. Qf8+ Kh7 42. Qf5+ Kh8 43. Qf8+ Kh7 44. Qf5+ Kh8 1/2-1/2

[Event "Mistrzostwa Miedzywojewodzkie Juniorow OP-SL C11"]
[Site "OW ”Sudety” Pokrzywna "]
[Date "1899-12-30"]
[Round "1.6"]
[White "Jasionowski, Filip"]
[Black "Pisarek, Jan"]
[Result "1-0"]
[WhiteTitle "II"]
[BlackTitle "II"]
[WhiteElo "1149"]
[BlackElo "1371"]

1. e4 c5 2. Nf3 e6 3. d4 cxd4 4. Nxd4 Nf6 5. Nc3 Nc6 6. Nxc6 bxc6 7. Bg5 Be7 8.
e5 Nd5 9. Bxe7 Qxe7 10. Nxd5 cxd5 11. Qd2 O-O 12. Bd3 d6 13. exd6 Qxd6 14. c4
Rd8 15. Rd1 Rb8 16. b3 d4 17. O-O e5 18. f3 g6 19. f4 f6 20. Rde1 Re8 21. fxe5
fxe5 22. Qf2 Qe6 23. Qf6 Bb7 24. Qxe6+ Rxe6 25. c5 Bd5 26. Rc1 e4 27. Bc4 Bxc4
28. Rxc4 d3 29. Rd4 Rc8 30. b4 Rc7 31. Re1 Rce7 32. b5 Rc7 33. c6 Re5 34. a4 Rce7
35. Rc1 Rc7 36. Rd7 Rc8 37. c7 Ree8 38. a5 d2 39. Rxd2 Kf7 40. b6 axb6 41. axb6
e3 42. Re2 Re7 43. Rxe3 Rxe3 44. b7 Ree8 45. Kf2 Kf6 46. Kf3 h6 47. bxc8=Q Rxc8
48. Ke4 g5 49. Kd5 Ke7 50. Kc6 Rg8 51. Kb7 1-0

[Event "Mistrzostwa Miedzywojewodzkie Juniorow OP-SL C11"]
[Site "OW ”Sudety” Pokrzywna "]
[Date "1899-12-30"]
[Round "1.7"]
[White "Herwy, Jakub"]
[Black "Sidlo, Szymon"]
[Result "1-0"]
[WhiteTitle "II+"]
[BlackTitle "II"]
[WhiteElo "1331"]
[BlackElo "1148"]

1. e4 c5 2. c4 Nc6 3. Nc3 d6 4. Nge2 e5 5. g3 Be7 6. Bg2 f5 7. d3 Nf6 8. O-O O-O
9. f4 fxe4 10. dxe4 Be6 11. b3 Nd4 12. h3 Nxe2+ 13. Nxe2 exf4 14. Nxf4 Qd7 15.
Kh2 Ne8 16. e5 Rb8 17. Nxe6 Rxf1 18. Qxf1 Kh8 19. Qf7 dxe5 20. Be4 Qd6 21. Bh6
gxh6 22. Qxh7# 1-0

[Event "Mistrzostwa Miedzywojewodzkie Juniorow OP-SL C11"]
[Site "OW ”Sudety” Pokrzywna "]
[Date "1899-12-30"]
[Round "1.8"]
[White "Miler, Franciszek"]
[Black "Cieply, Krzysztof"]
[Result "0-1"]
[WhiteTitle "III"]
[BlackTitle "II"]
[WhiteElo "1131"]
[BlackElo "1302"]

1. e4 c5 2. Nf3 Nc6 3. d4 cxd4 4. Nxd4 Nf6 5. Nc3 d6 6. Bg5 e6 7. Bb5 Bd7 8. Bxc6
bxc6 9. Qf3 Be7 10. e5 Nd5 11. Bxe7 Qxe7 12. Nxd5 cxd5 13. exd6 Qxd6 14. O-O-O
O-O 15. g3 Rac8 16. Kb1 Rb8 17. Rhe1 Rfc8 18. Nb3 Qc6 19. Qd3 Qc4 20. Qxc4 Rxc4
21. f4 Ba4 22. Nd4 Rbb4 23. a3 Rb8 24. b3 Rcc8 25. Kb2 Bd7 26. Re5 g6 27. Re3
Kg7 28. Rd2 h5 29. h4 Rc7 30. Kc1 Rbc8 31. Kb2 a6 32. Rdd3 Bb5 33. Rd2 Rb8 34.
Rxe6 Rxc2+ 35. Rxc2 fxe6 36. Nxe6+ Kf6 37. Nd4 Bc4 38. Ka2 Bd3 39. Rc6+ Kf7 40.
Rd6 Re8 41. Rxd5 Re3 42. Rg5 Re4 43. Nf3 Re2+ 44. Ka1 Bf5 45. Ne5+ Kg7 46. g4
hxg4 47. Nxg4 Re4 48. h5 Rxf4 49. Ne3 Kh6 50. Rg3 gxh5 51. Nxf5+ Rxf5 52. Kb2
h4 53. Re3 Kg5 54. Kc2 Kg4 55. Kd2 h3 56. Re4+ Kg3 57. Re8 Rg5 58. Re3+ Kh2 59.
Ke2 Kg2 60. Kd2 Rf5 61. Re6 Rf3 62. Ke1 h2 63. Re2+ Kg1 64. Re6 h1=Q 65. Rg6+
Kh2+ 66. Kd2 Rf2+ 67. Kc3 Qf3+ 0-1

[Event "Mistrzostwa Miedzywojewodzkie Juniorow OP-SL C11"]
[Site "OW ”Sudety” Pokrzywna "]
[Date "1899-12-30"]
[Round "1.9"]
[White "Chmiel, Pawel"]
[Black "Bernacki, Michal"]
[Result "1-0"]
[WhiteTitle "III"]
[BlackTitle "II"]
[WhiteElo "1295"]
[BlackElo "1118"]

1. e4 e6 2. d4 d5 3. e5 Nd7 4. Nf3 c5 5. c3 Qb6 6. a3 c4 7. Be2 Ne7 8. O-O Ng6
9. Nbd2 Be7 10. h3 O-O 11. Nh2 f6 12. exf6 Nxf6 13. Ndf3 h6 14. Qc2 Ne4 15. Ng4
Bd6 16. Be3 Qc7 17. Bc1 Nf4 18. Bxf4 Bxf4 19. Nge5 Rf6 20. Nxc4 b6 21. Nce5 Ng5
22. Nxg5 Bxg5 23. Ng4 Rf7 24. g3 Bd7 25. h4 Be7 26. Ne5 Rf6 27. Nxd7 Qxd7 28.
Bg4 Raf8 29. Rae1 Bd6 30. Kg2 Qf7 31. Qe2 Re8 32. c4 dxc4 33. Qxc4 Qb7+ 34. Kg1
Kf7 35. Re2 b5 36. Qb3 Qb6 37. Rfe1 Bxg3 38. Qxg3 Qxd4 39. Kg2 Qd5+ 40. Bf3 Qf5
41. Re5 Qc2 42. R1e2 Qb3 43. R5e3 Qxe3 44. Rxe3 Rg6 45. Bh5 Kg8 46. Qxg6 Re7 47.
Rxe6 Rxe6 48. Qxe6+ 1-0

[Event "Mistrzostwa Miedzywojewodzkie Juniorow OP-SL C11"]
[Site "OW ”Sudety” Pokrzywna "]
[Date "1899-12-30"]
[Round "1.10"]
[White "Rzepka, Marcin"]
[Black "Grzybek, Mikolaj"]
[Result "1/2-1/2"]
[WhiteTitle "III"]
[BlackTitle "II"]
[WhiteElo "1102"]
[BlackElo "1285"]

1. d4 Nf6 2. c4 e6 3. Nf3 d5 4. Nc3 b6 5. Bg5 Bb7 6. e3 Be7 7. Be2 Nbd7 8. O-O
O-O 9. Re1 h6 10. Bh4 dxc4 11. Bxc4 Ne4 12. Bxe7 Qxe7 13. Nxe4 Bxe4 14. Rc1 Rad8
15. Qe2 c5 16. Red1 cxd4 17. exd4 Bxf3 18. Qxf3 Nf6 19. h3 Nd5 20. Re1 Qd6 21.
Bxd5 Qxd5 22. Qxd5 Rxd5 23. Red1 Rfd8 24. Rc4 e5 25. Rc7 Rxd4 26. Rxd4 Rxd4 27.
Rxa7 Rd1+ 28. Kh2 Rd2 29. Re7 Rxf2 30. Rxe5 Rxb2 31. a3 Rb3 32. a4 Rb4 33. Re8+
Kh7 34. Rb8 Rxa4 35. Rxb6 f6 36. Rb7 Kg6 37. Rb6 h5 38. Kg3 h4+ 39. Kf3 Kg5 40.
Rb7 g6 41. Rb5+ f5 42. Rb3 1/2-1/2

[Event "Mistrzostwa Miedzywojewodzkie Juniorow OP-SL C11"]
[Site "OW ”Sudety” Pokrzywna "]
[Date "1899-12-30"]
[Round "1.11"]
[White "Maslanka, Wojciech"]
[Black "Myszor, Przemyslaw"]
[Result "1-0"]
[WhiteTitle "II"]
[BlackTitle "II"]
[WhiteElo "1283"]
[BlackElo "1076"]

1. e4 e6 2. d4 d5 3. e5 c5 4. c3 Nc6 5. Nf3 Qb6 6. Bd3 Bd7 7. dxc5 Bxc5 8. O-O
Qc7 9. Qe2 Nge7 10. Re1 Ng6 11. Bd2 Be7 12. b4 a6 13. a4 O-O 14. h4 Rfe8 15. Na3
Na7 16. Nc2 Bc8 17. Ncd4 Nc6 18. Nxc6 bxc6 19. Rac1 Bb7 20. Bg5 Rec8 21. h5 Bxg5
22. Nxg5 Qe7 23. Nxh7 Kxh7 24. hxg6+ fxg6 25. Qh5+ Kg8 26. Bxg6 Qd7 27. Re3 Kf8
28. Rf3+ Ke7 29. Rf7+ Kd8 30. Rxd7+ Kxd7 31. Qg4 Rh8 32. Bf7 Rh6 33. f3 Rah8 34.
Kf2 R8h7 35. Bg8 Rh8 36. Qxg7+ Kc8 37. Bxe6+ Kb8 38. Bh3 1-0

[Event "Mistrzostwa Miedzywojewodzkie Juniorow OP-SL C11"]
[Site "OW ”Sudety” Pokrzywna "]
[Date "1899-12-30"]
[Round "1.12"]
[White "Sputowski, Jakub"]
[Black "Goszyk, Bartosz"]
[Result "0-1"]
[WhiteTitle "II"]
[BlackTitle "II"]
[WhiteElo "1066"]
[BlackElo "1270"]

1. e4 c5 2. Nf3 d6 3. d4 cxd4 4. Nxd4 Nf6 5. Nc3 g6 6. Be2 Bg7 7. Be3 O-O 8. Qd2
Nc6 9. f3 Nxd4 10. Bxd4 Be6 11. g4 Qa5 12. g5 Nd7 13. Bxg7 Kxg7 14. h4 Rac8 15.
h5 Qb4 16. O-O-O Nb6 17. a3 Qc5 18. hxg6 fxg6 19. Qd4+ Qxd4 20. Rxd4 Rc5 21. Rg1
Nc4 22. Nd5 Bxd5 23. exd5 Ne5 24. f4 Rfc8 25. c3 Nd7 26. Re4 Re8 27. c4 Rc7 28.
Re1 Nc5 29. Re3 a5 30. b4 axb4 31. axb4 Na6 32. b5 Nb4 33. Rb3 Nxd5 34. b6 Rc6
35. Kb2 Nxb6 36. Bf3 Nxc4+ 37. Kc3 Rc7 38. Rxb7 Rxb7 39. Bxb7 Nb6 40. Kb4 e6 41.
Kb5 Nd7 42. Kc6 Nc5 43. Kc7 Nxb7 44. Kxb7 d5 45. Kc7 Rf8 46. Rxe6 Rxf4 47. Re7+
Rf7 48. Kd6 Rxe7 49. Kxd5 h5 50. gxh6+ Kxh6 0-1

[Event "Mistrzostwa Miedzywojewodzkie Juniorow OP-SL C11"]
[Site "OW ”Sudety” Pokrzywna "]
[Date "1899-12-30"]
[Round "1.13"]
[White "Bochenek, Ryszard"]
[Black "Chruszcz, Mariusz"]
[Result "0-1"]
[WhiteTitle "II"]
[BlackTitle "III"]
[WhiteElo "1233"]
[BlackElo "1032"]

1. e4 e5 2. Nf3 Nc6 3. Bc4 Nf6 4. d3 Bc5 5. O-O d6 6. Be3 Bb6 7. c3 Bg4 8. Nbd2
O-O 9. h3 Bh5 10. Qc2 Bxe3 11. fxe3 a6 12. d4 Bg6 13. Bd3 Ne7 14. dxe5 dxe5 15.
Nxe5 Qd6 16. Nxg6 Nxg6 17. Nf3 Rad8 18. Rad1 Qg3 19. Qf2 Qxf2+ 20. Rxf2 Nd7 0-1

[Event "Mistrzostwa Miedzywojewodzkie Juniorow OP-SL C11"]
[Site "OW ”Sudety” Pokrzywna "]
[Date "1899-12-30"]
[Round "2.1"]
[White "Goszyk, Bartosz"]
[Black "Bogusz, Alan"]
[Result "1/2-1/2"]
[WhiteTitle "II"]
[BlackTitle "II+"]
[WhiteElo "1270"]
[BlackElo "1754"]

1. e4 c5 2. Nf3 d6 3. d4 cxd4 4. Nxd4 Nf6 5. Nc3 a6 6. h3 e5 7. Nde2 b5 8. g4 Bb7
9. Bg2 Be7 10. Be3 b4 11. Nd5 Bxd5 12. exd5 Nfd7 13. Qd2 a5 14. O-O O-O 15. a3
Na6 16. Nc1 Qc7 17. Nd3 Qb7 18. axb4 Nxb4 19. Nxb4 axb4 20. Kh2 Qb5 21. Rfd1 Rfc8
22. Bf1 Qb7 23. Rxa8 Rxa8 24. Bc4 Rc8 25. Bb3 Ra8 26. Bc4 Rc8 27. Bb3 Ra8 28.
Bc4 Rc8 29. Bb3 1/2-1/2

[Event "Mistrzostwa Miedzywojewodzkie Juniorow OP-SL C11"]
[Site "OW ”Sudety” Pokrzywna "]
[Date "1899-12-30"]
[Round "2.2"]
[White "Czernecki, Andrzej"]
[Black "Maslanka, Wojciech"]
[Result "1-0"]
[WhiteTitle "II+"]
[BlackTitle "II"]
[WhiteElo "1462"]
[BlackElo "1283"]

1. Nf3 e6 2. b3 d5 3. e3 c5 4. Bb5+ Bd7 5. Bxd7+ Nxd7 6. Bb2 Ngf6 7. O-O Bd6 8.
d3 O-O 9. Nbd2 Qc7 10. h3 Rfe8 11. Re1 e5 12. e4 d4 13. a4 a6 14. a5 b5 15. axb6
Nxb6 16. Ra2 h6 17. Qe2 Qb7 18. Rea1 Kh7 19. Nh4 Be7 20. Qf3 Kg8 21. Nf5 Nbd7
22. Nc4 Qc6 23. Bc1 Kh7 24. Qg3 Nh5 25. Qg4 Ndf6 26. Qf3 Nd7 1-0

[Event "Mistrzostwa Miedzywojewodzkie Juniorow OP-SL C11"]
[Site "OW ”Sudety” Pokrzywna "]
[Date "1899-12-30"]
[Round "2.3"]
[White "Wiatrowski, Zbigniew"]
[Black "Jasionowski, Filip"]
[Result "1-0"]
[WhiteTitle "II"]
[BlackTitle "II"]
[WhiteElo "1403"]
[BlackElo "1149"]

1. e4 c6 2. d4 d5 3. Nc3 dxe4 4. Nxe4 Nd7 5. Nf3 Ngf6 6. Bd3 Nxe4 7. Bxe4 Nf6 8.
Bd3 Bg4 9. c3 e6 10. h3 Bh5 11. Bf4 Nd5 12. Bh2 Bd6 13. g4 Bxh2 14. Rxh2 Bg6 15.
Ne5 Bxd3 16. Nxd3 Qf6 17. Qd2 g5 18. O-O-O h6 19. Rhh1 O-O-O 20. Kb1 Qg6 21. Ka1
Kb8 22. Ne5 Qh7 23. c4 Nf4 24. Qb4 Ka8 25. Qe7 f5 26. Qc5 Rhf8 27. f3 Qc7 28.
h4 Qd6 29. Qa5 b6 30. Qa4 c5 31. Nc6 Qc7 32. Nxd8 Rxd8 33. dxc5 Rxd1+ 34. Rxd1
Qxc5 35. hxg5 hxg5 36. gxf5 exf5 37. a3 g4 38. Rd8+ Kb7 39. Rd7+ Kc8 40. Qxa7
Qc6 41. Rg7 Ne6 42. Rg8+ Nd8 43. Qe7 Qd7 44. Qxd7+ Kxd7 45. fxg4 fxg4 46. Rxg4
Kc6 47. b4 Nb7 48. Rg6+ Kc7 49. Rg7+ Kb8 50. Rxb7+ Kxb7 51. Kb2 Kc6 52. Kc3 b5
53. cxb5+ Kxb5 54. Kb3 Kb6 55. Kc4 Kc6 56. a4 1-0

[Event "Mistrzostwa Miedzywojewodzkie Juniorow OP-SL C11"]
[Site "OW ”Sudety” Pokrzywna "]
[Date "1899-12-30"]
[Round "2.4"]
[White "Jendrowiak, Maciej"]
[Black "Herwy, Jakub"]
[Result "0-1"]
[WhiteTitle "II"]
[BlackTitle "II+"]
[WhiteElo "1225"]
[BlackElo "1331"]

1. d4 Nf6 2. c4 c5 3. d5 e5 4. Nc3 d6 5. e4 Na6 6. a3 g6 7. h3 Bg7 8. Nf3 h6 9.
Bd3 O-O 10. O-O Nh7 11. Be3 f5 12. exf5 gxf5 13. Bc2 Nc7 14. Qd2 f4 15. Bxh7+
Kxh7 16. Qc2+ Bf5 17. Qd2 fxe3 18. Qxe3 Qf6 19. Nd2 h5 20. f4 Bh6 21. Nde4 Qg6
22. Ng5+ Kg7 23. Rf3 h4 24. g4 Bxg5 25. fxg5 Bd7 26. Raf1 Rxf3 27. Qxf3 b5 28.
Ne4 Kh8 29. Qf6+ Qxf6 30. gxf6 Rf8 31. g5 Kh7 32. Kh2 bxc4 33. Rd1 Ne8 34. Kg2
Kg6 35. Kf3 Bxh3 36. Rg1 Bf5 37. Nc3 Nc7 38. Nd1 Nxd5 39. Nf2 Nf4 40. Ne4 Bxe4+
41. Kxe4 h3 42. Kf3 h2 43. Rh1 Rh8 44. Kg3 Kxg5 45. f7 Ng6 46. Kf2 Kf6 47. Ke3
Kxf7 48. Ke4 Ke6 49. Ke3 Nf4 50. Kf2 d5 51. Kg3 Rh3+ 52. Kf2 d4 53. b3 cxb3 54.
a4 b2 55. Re1 Nd3+ 0-1

[Event "Mistrzostwa Miedzywojewodzkie Juniorow OP-SL C11"]
[Site "OW ”Sudety” Pokrzywna "]
[Date "1899-12-30"]
[Round "2.6"]
[White "Chruszcz, Mariusz"]
[Black "Chmiel, Pawel"]
[Result "0-1"]
[WhiteTitle "III"]
[BlackTitle "III"]
[WhiteElo "1032"]
[BlackElo "1295"]

1. e4 e5 2. Nf3 Nc6 3. Bc4 Bc5 4. c3 d6 5. h3 Nf6 6. d3 h6 7. Bb3 O-O 8. Nbd2 Kh7
9. Nf1 Qe7 10. Ng3 Be6 11. O-O a5 12. d4 exd4 13. cxd4 Bxb3 14. axb3 Bb6 15. Re1
Nd7 16. Qd3 Nb4 17. Qb1 Kh8 18. Bd2 Nc6 19. Qc2 Qf6 20. Bc3 Qf4 21. Nh5 Qxf3 22.
gxf3 Bxd4 23. Bxd4 Nxd4 24. Qc3 Ne5 25. f4 Nef3+ 26. Kf1 c5 27. Re3 Nh4 28. Rd1
a4 29. Rxd4 cxd4 30. Qxd4 f6 31. Qxd6 Rfd8 32. Qc7 Rg8 33. Rg3 Rac8 34. Qxb7 Rb8
35. Qd5 axb3 36. Qf7 Rbf8 37. Qxb3 Rb8 38. Qf7 Rbf8 39. Qg6 Nxg6 40. Rxg6 Rb8
41. e5 fxe5 42. fxe5 Rxb2 43. e6 Rb6 44. f4 Kh7 45. f5 Rb5 46. Ng3 Re8 47. Nh5
Rxf5+ 48. Kg2 Kxg6 49. Ng3 Rxe6 50. Nxf5 Kxf5 51. Kf3 g5 52. Kg3 Re3+ 53. Kg2
h5 0-1

[Event "Mistrzostwa Miedzywojewodzkie Juniorow OP-SL C11"]
[Site "OW ”Sudety” Pokrzywna "]
[Date "1899-12-30"]
[Round "2.7"]
[White "Kotowicz, Kamil"]
[Black "Norek, Maciej"]
[Result "0-1"]
[WhiteTitle "II"]
[BlackTitle "II+"]
[WhiteElo "1167"]
[BlackElo "1447"]

1. d4 Nf6 2. b3 e6 3. a3 b6 4. Bb2 Bb7 5. e3 Be7 6. Nd2 d6 7. Ngf3 O-O 8. c4 Nbd7
9. Bd3 c5 10. O-O cxd4 11. exd4 d5 12. Re1 Rc8 13. Rc1 Re8 14. Ne5 Nxe5 15. dxe5
Nd7 16. Re3 g6 17. Rh3 Bf8 18. Nf3 Bg7 19. Qd2 dxc4 20. Bxc4 Bxf3 21. gxf3 Nxe5
22. Qxd8 Rexd8 23. f4 Nxc4 24. Bxg7 Kxg7 25. bxc4 Rd4 26. Rhc3 Rxf4 27. Kg2 Rd4
28. Kf3 f5 29. Ke2 Re4+ 30. Re3 Rxe3+ 31. Kxe3 Kf6 32. f4 h6 33. h4 g5 34. fxg5+
hxg5 35. h5 Rh8 36. Rh1 g4 37. a4 Kg5 38. a5 Rxh5 39. Rb1 f4+ 40. Ke4 g3 41. Kf3
Kf5 42. axb6 axb6 43. Rb2 Rh2 44. Rb5+ e5 45. Rb1 Rf2# 0-1

[Event "Mistrzostwa Miedzywojewodzkie Juniorow OP-SL C11"]
[Site "OW ”Sudety” Pokrzywna "]
[Date "1899-12-30"]
[Round "2.8"]
[White "Grzybek, Mikolaj"]
[Black "Myrmus, Mateusz"]
[Result "0-1"]
[WhiteTitle "II"]
[BlackTitle "II"]
[WhiteElo "1285"]
[BlackElo "1385"]

1. e4 e6 2. d4 d5 3. exd5 exd5 4. c4 Bb4+ 5. Nc3 Nf6 6. Nf3 O-O 7. Bd3 dxc4 8.
Bxc4 Re8+ 9. Be3 Be6 10. Bxe6 Rxe6 11. h3 Nd5 12. Qd3 Nf4 13. Qf1 Nc6 14. O-O-O
Nd5 15. Nxd5 Qxd5 16. Kb1 a5 17. Qd3 Rae8 18. h4 Bd6 19. Ng5 Nb4 20. Qxh7+ Kf8
21. Nxe6+ Rxe6 22. Qh8+ Ke7 23. Bg5+ Kd7 24. Qd8+ Kc6 25. Rc1+ Kb6 26. b3 Qf5+
27. Kb2 Re2+ 28. Kc3 Rc2+ 29. Rxc2 Qxc2# 0-1

[Event "Mistrzostwa Miedzywojewodzkie Juniorow OP-SL C11"]
[Site "OW ”Sudety” Pokrzywna "]
[Date "1899-12-30"]
[Round "2.9"]
[White "Karut, Kacper"]
[Black "Rzepka, Marcin"]
[Result "1-0"]
[WhiteTitle "II"]
[BlackTitle "III"]
[WhiteElo "1190"]
[BlackElo "1102"]

1. e4 e5 2. Nf3 Nc6 3. Bb5 a6 4. Bxc6 dxc6 5. O-O f6 6. d4 Bg4 7. dxe5 Qxd1 8.
Rxd1 fxe5 9. Nc3 Nf6 10. Be3 Bd6 11. Rd3 h6 12. Nd2 O-O-O 13. Nc4 Rhe8 14. Nxd6+
Rxd6 15. Rxd6 cxd6 16. f3 Be6 17. Rd1 Kc7 18. f4 Bg4 19. Re1 Kd7 20. h3 Bh5 21.
g4 exf4 22. Bxf4 Bg6 23. Rd1 Re6 24. e5 Ne8 25. Rd2 Kc7 26. exd6+ Nxd6 27. Na4
Bf7 28. Nc5 Rf6 29. Be5 Rg6 30. Rxd6 Rxd6 31. Ne4 Bd5 32. Nxd6 Bxa2 33. Nf5+ Kd7
34. Nxg7 Bf7 35. Bf4 Bg6 36. c3 b5 37. Bxh6 a5 38. Bd2 c5 39. h4 b4 40. cxb4 cxb4
41. Kf2 Kc6 42. h5 Bh7 43. g5 Kb5 44. g6 Bg8 45. h6 b3 46. h7 Bxh7 47. gxh7 a4
48. h8=Q 1-0

[Event "Mistrzostwa Miedzywojewodzkie Juniorow OP-SL C11"]
[Site "OW ”Sudety” Pokrzywna "]
[Date "1899-12-30"]
[Round "2.10"]
[White "Pisarek, Jan"]
[Black "Miler, Franciszek"]
[Result "1-0"]
[WhiteTitle "II"]
[BlackTitle "III"]
[WhiteElo "1371"]
[BlackElo "1131"]

1. e4 c5 2. Nf3 d6 3. d4 cxd4 4. Nxd4 Nf6 5. Nc3 Nc6 6. Bg5 e6 7. Bc4 Be7 8. O-O
O-O 9. Kh1 Qc7 10. f4 a6 11. a4 Na5 12. Bd3 Nc4 13. Bxc4 Qxc4 14. e5 dxe5 15.
fxe5 Bc5 16. exf6 Bxd4 17. Rf4 e5 18. Rh4 Bf5 19. fxg7 Rfe8 20. Qf3 Bg6 21. Ne4
Bxe4 22. Qxe4 f5 23. Qxf5 Qe6 24. Qxh7+ Kf7 25. g8=Q# 1-0

[Event "Mistrzostwa Miedzywojewodzkie Juniorow OP-SL C11"]
[Site "OW ”Sudety” Pokrzywna "]
[Date "1899-12-30"]
[Round "2.11"]
[White "Sidlo, Szymon"]
[Black "Bochenek, Ryszard"]
[Result "0-1"]
[WhiteTitle "II"]
[BlackTitle "II"]
[WhiteElo "1148"]
[BlackElo "1233"]

1. e4 c5 2. Nc3 e6 3. Nge2 Nc6 4. g3 Nge7 5. Bg2 g6 6. O-O Bg7 7. d3 O-O 8. Be3
d6 9. Qd2 a6 10. Bh6 b5 11. Bxg7 Kxg7 12. d4 Bb7 13. Qe3 Qb6 14. d5 exd5 15. exd5
Nf5 16. Qf4 Ne5 17. Rad1 Rae8 18. Rfe1 Rh8 19. Bh3 Bc8 20. Kg2 h5 21. Rc1 Ng4
22. Kg1 Nf6 23. b3 b4 24. Na4 Qb7 25. Bxf5 Bxf5 26. Qxd6 Ne4 27. Qc6 Qxc6 28.
dxc6 Ng5 29. Kg2 Be4+ 30. Kf1 Nf3 31. Red1 Nxh2+ 32. Kg1 Nf3+ 33. Kf1 Bxc6 34.
Nxc5 Bb5 35. Nd3 Nh2+ 36. Kg2 Rxe2 37. Kxh2 Bxd3 38. cxd3 Rxf2+ 39. Kg1 Rxa2 40.
Rc4 a5 41. d4 Rd8 42. d5 a4 43. Rxb4 axb3 44. Rxb3 Ra5 45. d6 Rd7 46. Rb6 Kf6
47. Kf2 Ke6 48. Re1+ Re5 49. Rd1 Rd5 50. Re1+ Kf6 51. Rb4 R7xd6 52. Re2 Rd2 53.
Rf4+ Kg7 54. Kf3 Rxe2 55. Kxe2 Re6+ 56. Kd3 Ra6 57. Ke2 Ra7 58. Kf2 f5 59. Kg2
Kf6 60. Rb4 Ra6 61. Rb8 Kg5 62. Rb4 Re6 63. Kf3 Re4 64. Rb1 h4 65. Rg1 hxg3 66.
Rxg3+ Rg4 67. Rxg4+ fxg4+ 68. Kg3 Kf5 69. Kg2 Kf4 70. Kf2 g3+ 71. Kg2 Kg4 72.
Kg1 Kf3 73. Kf1 g2+ 74. Kg1 g5 75. Kh2 Kf2 76. Kh3 g4+ 0-1

[Event "Mistrzostwa Miedzywojewodzkie Juniorow OP-SL C11"]
[Site "OW ”Sudety” Pokrzywna "]
[Date "1899-12-30"]
[Round "2.12"]
[White "Martyniak, Milosz"]
[Black "Sputowski, Jakub"]
[Result "0-1"]
[WhiteTitle "II"]
[BlackTitle "II"]
[WhiteElo "1224"]
[BlackElo "1066"]

1. d4 d5 2. c4 Nc6 3. Nf3 Bg4 4. e3 e6 5. cxd5 Qxd5 6. Nc3 Bb4 7. Be2 Bxc3+ 8.
bxc3 Nf6 9. c4 Qd6 10. h3 Bh5 11. Qc2 O-O 12. O-O Nb4 13. Qb2 a5 14. Bd2 Nc6 15.
Qc2 Rfd8 16. Rfd1 Bg6 17. Bd3 Bxd3 18. Qxd3 e5 19. Qc3 exd4 20. exd4 Nxd4 21.
Nxd4 Qxd4 22. Qb3 Qe4 23. Rab1 b6 24. Re1 Qc6 25. Bc3 Re8 26. Qb5 Qxb5 27. cxb5
Nd5 28. Bd2 h6 29. Rbd1 Kf8 30. Kf1 Rxe1+ 31. Kxe1 Re8+ 32. Kf1 Re6 33. Re1 Rxe1+
34. Kxe1 Ke7 35. Ke2 Kd6 36. Kd3 Kc5 37. a4 f5 38. g3 g5 39. h4 gxh4 40. gxh4
h5 41. Be1 Nb4+ 42. Kc3 Kd5 43. f3 c5 44. Bf2 Na2+ 45. Kb3 Nc1+ 46. Kc2 Ne2 47.
Kd3 Nd4 48. f4 c4+ 49. Kc3 Ne2+ 50. Kc2 Nxf4 51. Bxb6 Ne6 52. Bxa5 Nc5 53. b6
Kc6 54. Kc3 Kd5 55. Kb4 f4 56. Kb5 f3 57. Be1 c3 58. a5 c2 59. a6 c1=Q 60. a7
Qc4+ 61. Ka5 Qa4# 0-1

[Event "Mistrzostwa Miedzywojewodzkie Juniorow OP-SL C11"]
[Site "OW ”Sudety” Pokrzywna "]
[Date "1899-12-30"]
[Round "2.13"]
[White "Bernacki, Michal"]
[Black "Raclawicki, Tymoteusz"]
[Result "1-0"]
[WhiteTitle "II"]
[BlackTitle "III"]
[WhiteElo "1118"]
[BlackElo "1217"]

1. c4 e5 2. Nc3 Nf6 3. g3 d5 4. cxd5 Nxd5 5. Bg2 Nb6 6. e3 Nc6 7. Nge2 Be7 8. O-O
O-O 9. b3 Be6 10. Bb2 f5 11. d4 exd4 12. Nxd4 Nxd4 13. Qxd4 Qxd4 14. exd4 c6 15.
Rfe1 Rf6 16. Re2 Kf7 17. Rae1 Rd8 18. d5 cxd5 19. Nxd5 Rh6 20. Bc1 g5 21. Nxe7
Kxe7 22. Bxg5+ Kf7 23. Bxd8 Rg6 24. Bxb6 axb6 25. Rxe6 Rxe6 26. Rxe6 Kxe6 27.
Bxb7 1-0